Комплексная оценка развития деградации растительного покрова снежных отвалов; Проблемы геологии и освоения недр; Т. 1

Dettagli Bibliografici
Parent link:Проблемы геологии и освоения недр: труды XXIII Международного симпозиума имени академика М. А. Усова студентов и молодых ученых, посвященного 120-летию со дня рождения академика К. И. Сатпаева, 120-летию со дня рождения профессора К. В. Радугина, Томск, 8-12 апреля 2019 г./ Национальный исследовательский Томский политехнический университет, Инженерная школа природных ресурсов ; гл. ред. А. С. Боев ; под ред. Е. Ю. Пасечник.— , 2019
Т. 1.— 2019.— [С. 497-499]
Autore principale: Ибрагимов Э. А.
Ente Autore: Национальный исследовательский Томский политехнический университет Инженерная школа информационных технологий и робототехники Отделение информационных технологий
Altri autori: Токарева О. С. Ольга Сергеевна (научный руководитель)
Riassunto:Заглавие с экрана
Lingua:russo
Pubblicazione: 2019
Serie:Землеустройство, кадастр и мониторинг земель
Мониторинг земель и экология землепользования
Soggetti:
Accesso online:http://earchive.tpu.ru/handle/11683/56157
Natura: MixedMaterials Elettronico Capitolo di libro
KOHA link:https://koha.lib.tpu.ru/cgi-bin/koha/opac-detail.pl?biblionumber=629885

MARC

LEADER 00000naa2a2200000 4500
001 629885
005 20231101133601.0
035 |a (RuTPU)RU\TPU\conf\30692 
035 |a RU\TPU\conf\30691 
090 |a 629885 
100 |a 20191003d2019 k y0rusy50 ca 
101 0 |a rus 
102 |a RU 
105 |a y z 100zy 
135 |a drcn ---uucaa 
181 0 |a i  
182 0 |a b 
200 1 |a Комплексная оценка развития деградации растительного покрова снежных отвалов  |f Э. А. Ибрагимов  |g науч. рук. О. С. Токарева 
203 |a Текст  |c электронный 
225 1 |a Землеустройство, кадастр и мониторинг земель 
225 1 |a Мониторинг земель и экология землепользования 
230 |a 1 компьютерный файл (pdf; 322 Kb) 
300 |a Заглавие с экрана 
320 |a [Библиогр.: с. 499 (3 назв.)] 
461 1 |0 (RuTPU)RU\TPU\conf\30471  |t Проблемы геологии и освоения недр  |o труды XXIII Международного симпозиума имени академика М. А. Усова студентов и молодых ученых, посвященного 120-летию со дня рождения академика К. И. Сатпаева, 120-летию со дня рождения профессора К. В. Радугина, Томск, 8-12 апреля 2019 г.  |o в 2 т.  |f Национальный исследовательский Томский политехнический университет, Инженерная школа природных ресурсов ; гл. ред. А. С. Боев ; под ред. Е. Ю. Пасечник  |d 2019 
463 1 |0 (RuTPU)RU\TPU\conf\30473  |t Т. 1  |v [С. 497-499]  |d 2019 
610 1 |a труды учёных ТПУ 
610 1 |a электронный ресурс 
610 1 |a комплексная оценка 
610 1 |a деградация 
610 1 |a растительный покров 
610 1 |a снежные отвалы 
610 1 |a дистанционное зондирование 
610 1 |a снегоотвалы 
700 1 |a Ибрагимов  |b Э. А. 
702 1 |a Токарева  |b О. С.  |c специалист в области информатики и вычислительной техники  |c доцент Томского политехнического университета, кандидат технических наук  |f 1966-  |g Ольга Сергеевна  |2 stltpush  |4 727 
712 0 2 |a Национальный исследовательский Томский политехнический университет  |b Инженерная школа информационных технологий и робототехники  |b Отделение информационных технологий  |h 7951  |2 stltpush  |3 (RuTPU)RU\TPU\col\23515 
801 2 |a RU  |b 63413507  |c 20191010  |g RCR 
856 4 |u http://earchive.tpu.ru/handle/11683/56157 
942 |c BK